书目信息 |
| 题名: |
妨害司法罪理论与实践
|
|
| 作者: | 吴占英, 著 | |
| 分册: | ||
| 出版信息: | 北京 中国检察出版社 2005 |
|
| 页数: | 310页 | |
| 开本: | 23cm | |
| 丛书名: | ||
| 单 册: | ||
| 中图分类: | D924.365 | |
| 科图分类: | ||
| 主题词: | 妨害社会管理秩序罪--fang hai she hui guan li zhi xu zui--研究--中国 | |
| 电子资源: | ||
| ISBN: | 7-80185-509-4 | |
| 000 | 00682nam0 2200217 450 | |
| 001 | CAL 012006028360 | |
| 005 | 20061123103701.73 | |
| 010 | @a7-80185-509-4@dCNY 36.00 | |
| 099 | @aCAL 012006028360 | |
| 100 | @a20060322d2005 ekmy0chiy0121 ea | |
| 101 | 0 | @achi |
| 102 | @aCN@b110000 | |
| 200 | 1 | @a妨害司法罪理论与实践@Afang hai si fa zui li lun yu shi jian@f吴占英著 |
| 210 | @a北京@c中国检察出版社@d2005 | |
| 215 | @a310页@d23cm | |
| 320 | @a有书目 (第305-309页) | |
| 606 | 0 | @a妨害社会管理秩序罪@Afang hai she hui guan li zhi xu zui@x研究@y中国 |
| 690 | @aD924.365@v4 | |
| 701 | 0 | @a吴占英,@Awu zhan ying@f1964-@4著 |
| 801 | @aCN@c20061123 | |
| 905 | @apdsgxy@dD924.365@eW928 | |
| 妨害司法罪理论与实践/吴占英著.-北京:中国检察出版社,2005 |
| 310页;23cm |
| ISBN 7-80185-509-4:CNY 36.00 |
| ● |
| 相关链接 |
|
|
|
正题名:妨害司法罪理论与实践
索取号:D924.365/W928
 
预约/预借
| 序号 | 登录号 | 条形码 | 馆藏地/架位号 | 状态 | 备注 |
| 1 | 615616 | 206156167 | 社科库509/501自科库 124排1列5层/ [索取号:D924.365/W928] | 在馆 | |
| 2 | 615617 | 206156176 | 社科库509/501自科库 124排1列5层/ [索取号:D924.365/W928] | 在馆 |